LEADER 01245nam a2200229 i 4500 001 000000219592 003 CaOOAMICUS 005 20220928102626.0 008 130330s1954 xx u000 u fre u 013 $a198489 040 $aSeMil$bita 245 10$a[Affaires internationales, la part des chrétiens dans la lutte in faveur d'une communauté mondiale :$benquête préparée sous les auspices du Conseil oecuménique des Eglises. N. 4 /$cDeuxième Assemblée du Conseil Oecuménique des Eglises, Evanston, Illinois U.S.A. 1954]. 260 $aGenève (Suisse) :$bConseil oecuménique des Eglises,$c1954. 300 $a51 p. ;$c21 cm. 500 $aManca il front. 500 $aRilegato con: 2M I 21/A-C,E-G 650 4$aEcumenismo.$0(OLS)http://semarc/subject/3071 850 $aSeMil 852 $aSeMil$W1$xVenegono$y1$m2M I 21/D$j169953$B169953$CSeMilBibl$Z2$F180715 $81 996 $6245$a[Affaires internationales, la part des chrétiens dans la lutte in faveur d'une communauté mondiale :$benquête préparée sous les auspices du Conseil oecuménique des Eglises. N. 4$9(OLS)http://semarc/title/315021 996 $6260$aGenève (Suisse) :$bConseil oecuménique des Eglises$9(OLS)http://semarc/publisher/42127 LEADER 00534naa a2200145 i 4500 001 000000294246 003 CaOOAMICUS 005 20180831172502.0 008 180831n xx u000 u und u 013 $a1527 040 $aSeMil$bita 100 1 $aGreshake, Gisbert,$d<1933- >.$0(OLS)http://semarc/name/159 245 10$aCommunio Schlüsselbegriff der Dogmatik. 773 0 $tGemeinsam Kirche sein.$dFreiburg ; Basel ; Wien : Herder, 1992.$z3-451-22879-3$w()43240 996 $6245$aCommunio Schlüsselbegriff der Dogmatik$9(OLS)http://semarc/title/370333